Ville à pays n°35 - Statistiques

Statistiques générales
  • Ce quiz a été pris 148 fois
  • Le résultat moyen est 9 sur 15
Statistiques - réponses
Ville Pays % Correct
Munich Allemagne
100%
Honolulu États-Unis
94%
Hanoi Vietnam
94%
Hachijojima Japon
82%
Harbin Chine
77%
Szczecin Pologne
75%
Edmonton Canada
71%
Hammerfest Norvege
67%
Oufa Russie
66%
Husavik Islande
56%
Vejle Danemark
44%
Hilversum Pays-bas
37%
Hrodna Biélorussie
25%
Hengchung Taiwan
25%
Hargeisa Somalie
12%
Aucun quiz correspondant
Distribution des résultats
% des personnes avec chaque résultat
Percentile par nombre de réponses
Votre historique - résultats
Vous n’avez pas pris ce quiz